[Event "SV Wattenscheid 2 - Oberhausener SV 2"]
[Site "Regionalliga 2017/2018"]
[Date "2018.03.04"]
[Round "7.2"]
[White "Buchenthal, Dieter"]
[Black "Joergens, Markus"]
[Result "1-0"]
[WhiteElo "2111"]
[BlackElo "2004"]
[PlyCount "59"]
[EventDate "2018.??.??"]

1. f4 d5 2. Nf3 g6 3. g3 c6 4. Bg2 Qb6 5. a4 a5 6. b3 Bg7 7. Ra2 Nh6 8. Ba3 Na6
9. c3 Nf5 10. e3 h5 11. Rb2 h4 12. Kf2 h3 13. Bf1 Nh6 14. d4 Bf5 15. Nbd2 O-O
16. Ng5 Ng4+ 17. Kf3 c5 18. Bxh3 Nxe3 19. Kxe3 cxd4+ 20. cxd4 Qxd4+ 21. Kf3
Qd3+ 22. Kg2 Bxb2 23. Bxb2 Rac8 24. Bxf5 Qxf5 25. Re1 Rc2 26. Ba3 Qd3 27. Re2
Re8 28. Ngf3 e6 29. Ne1 Qxb3 30. Nxb3 1-0

[Event "SV Wattenscheid 2 - Oberhausener SV 2"]
[Site "Regionalliga 2017/2018"]
[Date "2018.03.04"]
[Round "7.3"]
[White "Gerst, Michael"]
[Black "Schroeder, Wilfried"]
[Result "1/2-1/2"]
[WhiteElo "1993"]
[BlackElo "2166"]
[PlyCount "99"]
[EventDate "2018.??.??"]

1. d4 d5 2. c4 e6 3. Nf3 c6 4. Nbd2 f5 5. g3 Nf6 6. Bg2 Bd6 7. O-O Nbd7 8. b3
O-O 9. Bb2 b6 10. Rc1 Bb7 11. e3 Qe7 12. Qe2 Rac8 13. Rfd1 Rfd8 14. Ne5 c5 15.
Ndf3 Ne4 16. Nd3 Ba6 17. Nfe5 cxd4 18. exd4 Nxe5 19. Nxe5 Bxe5 20. dxe5 dxc4
21. Rxd8+ Rxd8 22. Bxe4 fxe4 23. bxc4 Qb4 24. Bc3 Qxc4 25. Qxc4 Bxc4 26. a3 Rd3
27. Bb4 b5 28. Re1 a5 29. Bd6 Rb3 30. h4 Bd5 31. h5 b4 32. axb4 axb4 33. g4 h6
34. Rc1 Rc3 35. Rxc3 bxc3 36. Kf1 c2 37. Ba3 e3 38. Ke2 exf2 39. Kxf2 Kf7 40.
Bc1 Bc6 41. g5 hxg5 42. Bxg5 Be8 43. h6 gxh6 44. Bxh6 Kg6 45. Bc1 Kf5 46. Bb2
Ke4 47. Ke2 Kd5 48. Kd2 Bg6 49. Kc1 Kc4 50. Ba3 1/2-1/2

[Event "SV Wattenscheid 2 - Oberhausener SV 2"]
[Site "Regionalliga 2017/2018"]
[Date "2018.03.04"]
[Round "7.4"]
[White "Koehn, Peter"]
[Black "Weyh, Thomas"]
[Result "1/2-1/2"]
[WhiteElo "2163"]
[BlackElo "2000"]
[PlyCount "114"]
[EventDate "2018.??.??"]

1. c4 e6 2. Nf3 d5 3. g3 Nf6 4. Bg2 c5 5. O-O Nc6 6. b3 Be7 7. e3 O-O 8. Bb2 b6
9. Nc3 Bb7 10. Qe2 dxc4 11. bxc4 Rc8 12. Rac1 Qc7 13. d4 Na5 14. Nb5 Qb8 15.
dxc5 Bxc5 16. Ne5 Bxg2 17. Ng4 Bh3 18. Nxf6+ gxf6 19. Qh5 Bf5 20. Bxf6 Rfe8 21.
Qg5+ Bg6 22. h4 Bf8 23. Be5 Rc5 24. Bxb8 Rxg5 25. hxg5 Rxb8 26. Rfd1 a6 27. Nc7
Rc8 28. Nxa6 Rxc4 29. Rxc4 Nxc4 30. Rd8 Bb1 31. a4 Kg7 32. Rc8 Bd3 33. Nb8 Be7
34. f4 Bc5 35. Nd7 Bxe3+ 36. Kh2 Bd4 37. Rc6 Kg6 38. Rc7 Kg7 39. Kg2 Be4+ 40.
Kh3 Ne3 41. g4 Bc2 42. Nf6 Bxf6 43. gxf6+ Kxf6 44. Rc3 Bxa4 45. Rxe3 b5 46. Re5
h6 47. Kg3 Kg6 48. Rc5 f6 49. f5+ exf5 50. Rxf5 h5 51. Rxh5 b4 52. Ra5 Be8 53.
Ra8 Bf7 54. Kf4 b3 55. Rb8 Be6 56. Rb6 Kf7 57. g5 fxg5+ 1/2-1/2

[Event "SV Wattenscheid 2 - Oberhausener SV 2"]
[Site "Regionalliga 2017/2018"]
[Date "2018.03.04"]
[Round "7.5"]
[White "Groß, Thomas"]
[Black "Lang, Daniel"]
[Result "1/2-1/2"]
[WhiteElo "2004"]
[BlackElo "2067"]
[PlyCount "47"]
[EventDate "2018.??.??"]

1. Nf3 Nf6 2. g3 d5 3. Bg2 Bg4 4. Ne5 Be6 5. c4 c6 6. cxd5 Bxd5 7. Nf3 e5 8. d3
Nbd7 9. Nc3 Qb6 10. O-O Rc8 11. Qc2 Qc7 12. e4 Be6 13. d4 Be7 14. dxe5 Nxe5 15.
Nd4 Bc4 16. Rd1 O-O 17. Bf4 Rfe8 18. Rac1 Bf8 19. Na4 Ba6 20. Nc5 Qb6 21. Nxa6
Qxa6 22. Qb3 Ng6 23. Nf5 Qb6 24. Qxb6 1/2-1/2

[Event "SV Wattenscheid 2 - Oberhausener SV 2"]
[Site "Regionalliga 2017/2018"]
[Date "2018.03.04"]
[Round "7.6"]
[White "Gohla, Ulf"]
[Black "Stefaniak, Christian"]
[Result "1-0"]
[WhiteElo "2120"]
[BlackElo "1915"]
[PlyCount "79"]
[EventDate "2018.??.??"]

1. d4 e6 2. c4 Nf6 3. Nc3 Bb4 4. Qc2 c5 5. dxc5 Bxc5 6. a3 O-O 7. Nf3 Nc6 8. e3
d5 9. b4 Be7 10. Bb2 dxc4 11. Bxc4 a6 12. O-O Qc7 13. Ne4 Nxe4 14. Qxe4 Kh8 15.
Rac1 f5 16. Qc2 Bd7 17. Rfd1 Rae8 18. Qd3 Bc8 19. e4 fxe4 20. Qxe4 Bf6 21. Bd3
g6 22. Bxf6+ Rxf6 23. Bxa6 bxa6 24. Rxc6 Qg7 25. Qe5 Rf5 26. Qxg7+ Kxg7 27.
Rdc1 Rff8 28. Ne5 Kf6 29. R1c5 Rd8 30. f4 h6 31. Rc7 g5 32. Rxc8 Rxc8 33. Nd7+
Ke7 34. Nxf8 Rxc5 35. bxc5 Kxf8 36. fxg5 hxg5 37. Kf2 Ke7 38. Ke3 Kd7 39. Kd4
Kc6 40. h3 1-0

[Event "SV Wattenscheid 2 - Oberhausener SV 2"]
[Site "Regionalliga 2017/2018"]
[Date "2018.03.04"]
[Round "7.7"]
[White "Seibert, Michael"]
[Black "Schlange, Stefan"]
[Result "1-0"]
[WhiteElo "1929"]
[BlackElo "2076"]
[PlyCount "93"]
[EventDate "2018.??.??"]

1. d4 d5 2. Nf3 c6 3. e3 Bf5 4. Bd3 e6 5. O-O Nf6 6. c4 Bxd3 7. Qxd3 Ne4 8. Nc3
f5 9. Ne5 Nd7 10. Nxd7 Qxd7 11. f3 Nxc3 12. bxc3 Bd6 13. e4 O-O 14. e5 Be7 15.
a4 c5 16. cxd5 Qxd5 17. Ba3 Rfd8 18. Qb5 Kf7 19. dxc5 Rac8 20. Rad1 Qxd1 21.
Rxd1 Rxd1+ 22. Kf2 Rcd8 23. Kg3 R8d7 24. a5 a6 25. Qa4 R1d5 26. c4 Rd4 27. c6
Bh4+ 28. Kh3 bxc6 29. Bd6 Bf2 30. g3 R7xd6 31. exd6 Rxd6 32. Qb4 Rd7 33. Qb8
Re7 34. Qc8 g6 35. Qxc6 e5 36. Kg2 Ba7 37. Qd5+ Kg7 38. c5 e4 39. fxe4 fxe4 40.
Kf1 e3 41. Ke2 Bb8 42. Qd8 Rb7 43. c6 Rb2+ 44. Kxe3 Ba7+ 45. Kf3 Rf2+ 46. Ke4
Re2+ 47. Kd3 1-0

[Event "SV Wattenscheid 2 - Oberhausener SV 2"]
[Site "Regionalliga 2017/2018"]
[Date "2018.03.04"]
[Round "7.8"]
[White "Klueting, Reiner"]
[Black "Kuerschners, Stefan"]
[Result "1/2-1/2"]
[WhiteElo "1891"]
[BlackElo "1964"]
[PlyCount "53"]
[EventDate "2018.??.??"]

1. e4 c5 2. Nf3 e6 3. Nc3 Nc6 4. Bb5 Nd4 5. O-O a6 6. Bd3 g6 7. Nxd4 cxd4 8.
Ne2 Bg7 9. c3 dxc3 10. dxc3 Nf6 11. Qa4 O-O 12. Bf4 d6 13. Rad1 Qc7 14. h3 Bd7
15. Qc2 Rac8 16. Qb1 b5 17. Bc2 e5 18. Be3 Bc6 19. Ng3 d5 20. Bg5 Nxe4 21. Nxe4
dxe4 22. Bxe4 h6 23. Bxc6 Qxc6 24. Be3 Rcd8 25. Qc1 Kh7 26. Rd2 Rd5 27. Rfd1
1/2-1/2

[Event "SV Welper 1 - SK Sodingen/Castrop 1"]
[Site "Regionalliga 2017/2018"]
[Date "2018.03.04"]
[Round "7.1"]
[White "Waldschmidt, Georg"]
[Black "Fuellgrabe, Thomas"]
[Result "0-1"]
[WhiteElo "2209"]
[BlackElo "2223"]
[PlyCount "70"]
[EventDate "2018.??.??"]

1. e4 e5 2. Nf3 Nc6 3. Nc3 Nf6 4. Bb5 Bb4 5. O-O O-O 6. d3 Bxc3 7. bxc3 d6 8.
Bg5 Qe7 9. Re1 a6 10. Bxc6 bxc6 11. h3 h6 12. Bh4 Qe6 13. d4 Nd7 14. Bg3 f6 15.
Nd2 a5 16. f4 exf4 17. Bxf4 Nb6 18. Nf3 Qf7 19. Bg3 Be6 20. a3 Qh5 21. Kh2 Nc4
22. Nd2 Qxd1 23. Rexd1 Nxd2 24. Rxd2 Rfb8 25. d5 Bd7 26. dxc6 Bxc6 27. Rd4 Rb2
28. Rc4 Ra6 29. Rc1 Ra2 30. Rb1 Rxc2 31. Rb8+ Kh7 32. Rc8 f5 33. Bxd6 Bxe4 34.
Bxc7 Rxg2+ 35. Kh1 Rag6 0-1

[Event "SV Welper 1 - SK Sodingen/Castrop 1"]
[Site "Regionalliga 2017/2018"]
[Date "2018.03.04"]
[Round "7.2"]
[White "Kemna, Guido"]
[Black "Boehnke, Martin"]
[Result "0-1"]
[WhiteElo "2153"]
[BlackElo "2118"]
[PlyCount "76"]
[EventDate "2018.??.??"]

1. e4 d5 2. exd5 Qxd5 3. Nc3 Qa5 4. d4 c6 5. Nf3 Nf6 6. Bc4 Bf5 7. Ne5 e6 8. g4
Bg6 9. h4 Nbd7 10. Nxd7 Nxd7 11. h5 Be4 12. Rh3 Bg2 13. Re3 Bd5 14. Bxd5 cxd5
15. Bd2 Bb4 16. a3 Bxc3 17. Bxc3 Qc7 18. Qe2 O-O-O 19. O-O-O Kb8 20. Kb1 h6 21.
Bd2 Ka8 22. Rf3 Nf6 23. Bf4 Qd7 24. Rb3 Rc8 25. f3 Rc4 26. Qe5 Rcc8 27. Rdd3
Rc4 28. Rdc3 Qc8 29. Rxc4 dxc4 30. Rb5 Qc6 31. Rc5 Qxf3 32. Qc7 a6 33. Be5 Nxg4
34. Bd6 Ne3 35. Qb6 Qf1+ 36. Ka2 Nxc2 37. Rxc4 Qxc4+ 38. Kb1 Nxd4 0-1

[Event "SV Welper 1 - SK Sodingen/Castrop 1"]
[Site "Regionalliga 2017/2018"]
[Date "2018.03.04"]
[Round "7.3"]
[White "Kusnetsov, Mark"]
[Black "Linde, Wolfgang"]
[Result "1-0"]
[WhiteElo "2104"]
[BlackElo "2093"]
[PlyCount "95"]
[EventDate "2018.??.??"]

1. d4 d5 2. Nf3 Nc6 3. c4 Bg4 4. Nc3 e6 5. Bg5 Be7 6. Bxe7 Ngxe7 7. e3 O-O 8.
Be2 dxc4 9. Bxc4 Nd5 10. Bxd5 exd5 11. Qb3 Bxf3 12. gxf3 Ne7 13. O-O Qd7 14.
Kg2 Rfe8 15. Rg1 Rad8 16. Kh1 Qh3 17. Rg3 Qh5 18. Rag1 Nf5 19. Rg4 Qh3 20. Rf4
Nh4 21. Qd1 Ng6 22. Rg3 Qe6 23. Rfg4 b6 24. h4 h5 25. Rg5 c5 26. f4 cxd4 27.
Qxd4 Qf6 28. Qxf6 gxf6 29. Rxh5 d4 30. exd4 Kf8 31. f5 Re1+ 32. Kh2 Rxd4 33.
fxg6 fxg6 34. Rxg6 Kf7 35. Rg3 Rd2 36. Rf3 Rxb2 37. Rh6 Re6 38. h5 a5 39. Rh7+
Kg8 40. Rb7 Re5 41. Rxf6 Rxh5+ 42. Kg3 b5 43. Rc6 Rf5 44. Rc8+ Rf8 45. Rcc7
Rfxf2 46. Ne4 Rg2+ 47. Kf3 Kh8 48. Rh7+ 1-0

[Event "SV Welper 1 - SK Sodingen/Castrop 1"]
[Site "Regionalliga 2017/2018"]
[Date "2018.03.04"]
[Round "7.4"]
[White "Schaller, Fabian"]
[Black "Werrn, Pascal"]
[Result "1/2-1/2"]
[WhiteElo "1985"]
[BlackElo "2068"]
[Annotator "Daniel"]
[PlyCount "98"]
[EventDate "2018.??.??"]

1. d4 Nf6 2. Nf3 e6 3. Bf4 c5 4. c3 b6 5. e3 Bb7 6. h3 Be7 7. Nbd2 O-O 8. Bd3
cxd4 9. exd4 d6 10. O-O Nbd7 11. Re1 Qc7 12. a4 a6 13. Qb3 Rfe8 14. Rac1 Bf8
15. Bg3 Qc6 16. Bf1 Rad8 17. Rcd1 $11 g6 18. Qc4 Ra8 19. Bd3 Rec8 20. Ra1 Qd5
21. Qxd5 Bxd5 22. c4 Bb7 23. a5 d5 24. axb6 dxc4 25. Nxc4 Bb4 26. Red1 Nd5 27.
Nd6 Bxd6 28. Bxd6 Rc6 29. Ba3 N7xb6 30. Ne5 Rcc8 31. Rac1 f6 32. Nc4 Nxc4 33.
Bxc4 Kf7 34. Bxd5 $11 Bxd5 35. h4 h6 36. f4 Rab8 37. Kf2 a5 38. g3 g5 39. hxg5
hxg5 40. fxg5 fxg5 41. Rxc8 Rxc8 42. Ke3 Kg6 43. Bd6 Rc2 44. Rd2 Rc1 45. Rh2
Kf5 46. Rf2+ Kg4 47. Kd2 Rc6 48. Be5 Be4 49. Ke3 Rc2 1/2-1/2

[Event "SV Welper 1 - SK Sodingen/Castrop 1"]
[Site "Regionalliga 2017/2018"]
[Date "2018.03.04"]
[Round "7.5"]
[White "Graw, Christopher"]
[Black "Schaller, Torsten"]
[Result "1-0"]
[WhiteElo "2163"]
[BlackElo "1972"]
[PlyCount "71"]
[EventDate "2018.??.??"]

1. c4 Nf6 2. Nc3 e5 3. Nf3 Nc6 4. e3 Be7 5. d4 exd4 6. exd4 d5 7. cxd5 Nxd5 8.
Qb3 Be6 9. Bc4 Bb4 10. O-O Bxc3 11. bxc3 O-O 12. Ng5 Qd7 13. Ba3 Rfe8 14. Nxe6
fxe6 15. Bd3 Nf4 16. Be4 Rab8 17. Rae1 Kh8 18. Qc2 g6 19. Bc1 Rf8 20. g3 Nh5
21. Re2 Qf7 22. Rfe1 Nd8 23. Bh6 Rg8 24. Qd2 c6 25. c4 Nf6 26. Bg2 b5 27. d5
cxd5 28. cxd5 Re8 29. Qd4 Kg8 30. Bc1 Rb6 31. Bb2 Rf8 32. Bh3 Rd6 33. Rxe6 Nxe6
34. Bxe6 Rxe6 35. Rxe6 Kg7 36. Qe5 1-0

[Event "SV Welper 1 - SK Sodingen/Castrop 1"]
[Site "Regionalliga 2017/2018"]
[Date "2018.03.04"]
[Round "7.6"]
[White "Teich, Udo"]
[Black "Hille, Ralph Ingo"]
[Result "0-1"]
[WhiteElo "1910"]
[BlackElo "2061"]
[PlyCount "68"]
[EventDate "2018.??.??"]

1. d4 b6 2. Nf3 Bb7 3. Bf4 e6 4. Nbd2 f5 5. e3 Nf6 6. Bd3 Bd6 7. O-O O-O 8. c4
Ne4 9. Bxd6 cxd6 10. Qc2 Nxd2 11. Nxd2 Qg5 12. e4 Nc6 13. f4 Qh6 14. d5 Nb4 15.
Qc3 Nxd3 16. Qxd3 fxe4 17. Nxe4 exd5 18. cxd5 Rxf4 19. Nc3 Raf8 20. Rxf4 Qxf4
21. Rd1 Qf2+ 22. Kh1 Qxb2 23. h3 Qf2 24. Ne4 Qf4 25. Nc3 Qe5 26. Qd2 Ba6 27.
Re1 Rf1+ 28. Rxf1 Bxf1 29. Kg1 Bc4 30. a4 a6 31. Kf2 b5 32. axb5 axb5 33. Qb2
Qd4+ 34. Kg3 Bxd5 0-1

[Event "SV Welper 1 - SK Sodingen/Castrop 1"]
[Site "Regionalliga 2017/2018"]
[Date "2018.03.04"]
[Round "7.7"]
[White "Mueller, Frank"]
[Black "Wallhof, Dieter"]
[Result "1/2-1/2"]
[WhiteElo "1996"]
[BlackElo "1887"]
[PlyCount "95"]
[EventDate "2018.??.??"]

1. e4 e6 2. d4 d5 3. Nd2 a6 4. Ngf3 Nf6 5. e5 Nfd7 6. Bd3 c5 7. c3 Nc6 8. O-O
Be7 9. Qe2 Qb6 10. dxc5 Nxc5 11. Bc2 Qc7 12. Re1 Nd7 13. Nb3 h6 14. Nbd4 Nd8
15. h4 Nb6 16. Bf4 Bd7 17. Rac1 Nc6 18. Bd3 g5 19. hxg5 hxg5 20. Nxg5 Rh4 21.
g3 Rh8 22. Kg2 Rg8 23. Nxf7 Nxd4 24. cxd4 Bc6 25. Qh5 Kd7 26. Ng5 Bxg5 27. Bxg5
Raf8 28. Qh7+ Kc8 29. Qxc7+ Kxc7 30. f4 Nc4 31. b3 Nd2 32. Bh7 Rh8 33. Be7 Rf7
34. Bd6+ Kb6 35. Bg6 Rg7 36. f5 Ne4 37. Bc5+ Kc7 38. Re3 exf5 39. Bxf5 Rhg8 40.
Bxe4 dxe4 41. Rd1 Bd5 42. Rf1 Rh7 43. Rh1 Rxh1 44. Kxh1 b6 45. Bd6+ Kd7 46. Rc3
e3+ 47. Kg1 Rxg3+ 48. Kh2 1/2-1/2

[Event "SV Welper 1 - SK Sodingen/Castrop 1"]
[Site "Regionalliga 2017/2018"]
[Date "2018.03.04"]
[Round "7.8"]
[White "Olf, Hans-Helmut"]
[Black "Rohovoy, Dmitrij"]
[Result "1/2-1/2"]
[WhiteElo "1991"]
[BlackElo "1930"]
[PlyCount "46"]
[EventDate "2018.??.??"]

1. Nf3 Nf6 2. c4 e6 3. Nc3 c6 4. d4 d5 5. cxd5 exd5 6. Bf4 Be7 7. e3 O-O 8. Bd3
Bg4 9. Qc2 Nbd7 10. Ne5 Be6 11. h3 h6 12. O-O Nxe5 13. Bxe5 Re8 14. Bf5 Bd6 15.
Rae1 Qd7 16. Bxe6 Qxe6 17. f4 Rac8 18. Qf2 Bb4 19. f5 Qe7 20. Qg3 Nh5 21. Qf3
Nf6 22. Qg3 Nh5 23. Qf3 Nf6 1/2-1/2

[Event "SV Königsspringer Hamm 1 - SC Hansa Dor"]
[Site "Regionalliga 2017/2018"]
[Date "2018.03.04"]
[Round "7.1"]
[White "Schiefelbusch, Dirk"]
[Black "Happel, Heiner"]
[Result "1/2-1/2"]
[WhiteElo "2030"]
[BlackElo "2171"]
[PlyCount "107"]
[EventDate "2018.??.??"]

1. b4 c6 2. c4 d5 3. e3 Nf6 4. Bb2 e6 5. b5 Be7 6. Nf3 O-O 7. a4 b6 8. Nc3 Bb7
9. Be2 Nbd7 10. O-O c5 11. d4 Rc8 12. cxd5 Nxd5 13. Nxd5 Bxd5 14. dxc5 Nxc5 15.
Nd4 Qc7 16. Bf3 Rfd8 17. Bxd5 Rxd5 18. Qc2 Rcd8 19. Rac1 Bf6 20. Qc4 Qe5 21.
Ba1 Qe4 22. Nc6 Qxc4 23. Rxc4 R8d7 24. Bxf6 gxf6 25. g4 Rd2 26. a5 Rb2 27. Nxa7
bxa5 28. Nc6 Nb7 29. Nd4 Nd6 30. Rc6 e5 31. Nf5 Nxf5 32. gxf5 Rxb5 33. Rxf6 e4
34. Ra1 Rd2 35. Ra6 Rxf5 36. R6xa5 Rfxf2 37. Rg5+ Kf8 38. Rh5 Rg2+ 39. Kh1 Rge2
40. Rh3 h5 41. Rf1 h4 42. Rxh4 Rxe3 43. Rhf4 Rd7 44. Kg2 Re2+ 45. R1f2 Re1 46.
Rf1 Rxf1 47. Kxf1 Re7 48. Ke2 Re5 49. Ke3 f5 50. Rf1 Kg7 51. Kf4 Kf6 52. Ra1
Re6 53. Ra3 Rb6 54. Ra5 1/2-1/2

[Event "SV Königsspringer Hamm 1 - SC Hansa Dor"]
[Site "Regionalliga 2017/2018"]
[Date "2018.03.04"]
[Round "7.2"]
[White "Frombach, Ralf"]
[Black "Linker, Walter"]
[Result "1-0"]
[WhiteElo "2147"]
[BlackElo "2027"]
[PlyCount "79"]
[EventDate "2018.??.??"]

1. c4 f5 2. g3 e5 3. d4 e4 4. Nc3 Nf6 5. a3 a5 6. Bg2 Be7 7. Nh3 O-O 8. O-O c6
9. d5 d6 10. f3 exf3 11. Bxf3 Nbd7 12. Qb3 Nc5 13. Qc2 Bd7 14. Be3 Qc7 15. Nf4
Ng4 16. Bxc5 dxc5 17. Bxg4 fxg4 18. Qe4 Qd6 19. Ne6 Bxe6 20. dxe6 Qd4+ 21. Qxd4
cxd4 22. Ne4 g6 23. Rad1 c5 24. e3 Ra6 25. exd4 cxd4 26. Rxd4 Rxe6 27. Rxf8+
Kxf8 28. Kf1 h5 29. c5 b6 30. b4 axb4 31. axb4 bxc5 32. bxc5 Ke8 33. Kf2 Rc6
34. Rd5 Ra6 35. Ke3 Kf7 36. Kd4 Ke6 37. Re5+ Kd7 38. Kd5 Ra5 39. Kc4 h4 40. c6+
1-0

[Event "SV Königsspringer Hamm 1 - SC Hansa Dor"]
[Site "Regionalliga 2017/2018"]
[Date "2018.03.04"]
[Round "7.3"]
[White "Hillebrand, Carsten"]
[Black "Dargel, Manuel"]
[Result "0-1"]
[WhiteElo "1849"]
[BlackElo "2150"]
[PlyCount "104"]
[EventDate "2018.??.??"]

1. c4 e6 2. g3 c5 3. Bg2 Nc6 4. Nf3 Nf6 5. O-O Be7 6. Nc3 a6 7. d4 cxd4 8. Nxd4
Qc7 9. b3 O-O 10. Bb2 Rb8 11. Rc1 Nxd4 12. Qxd4 b6 13. Ne4 Bb7 14. Rfd1 Rfd8
15. Nd6 Bxg2 16. Kxg2 Qc6+ 17. f3 Bxd6 18. Qxd6 Qxd6 19. Rxd6 Ne8 20. Rd2 f6
21. Rcd1 Rb7 22. e4 Kf7 23. Ba3 g6 24. Bb4 e5 25. f4 Ke6 26. Rd5 d6 27. c5 bxc5
28. Bxc5 Rdd7 29. Ba3 Rbc7 30. R1d2 Rc6 31. Bb2 Rdc7 32. Kf3 Rc2 33. Ke3 Rxd2
34. Kxd2 Rc6 35. Rd3 f5 36. Re3 Nf6 37. exf5+ gxf5 38. fxe5 Ne4+ 39. Kd1 dxe5
40. Ke1 h5 41. Re2 Rc5 42. Kd1 Ra5 43. a4 Rd5+ 44. Kc2 Nc5 45. Bc3 e4 46. h3
Rd3 47. Rd2 Rxg3 48. Rd8 Rxh3 49. Bb4 Nxb3 50. Bc3 Nc5 51. Ra8 Rh2+ 52. Bd2 f4
0-1

[Event "SV Königsspringer Hamm 1 - SC Hansa Dor"]
[Site "Regionalliga 2017/2018"]
[Date "2018.03.04"]
[Round "7.4"]
[White "Prueß, Wilfried"]
[Black "Krueger, Simon"]
[Result "1-0"]
[WhiteElo "2052"]
[BlackElo "1966"]
[PlyCount "103"]
[EventDate "2018.??.??"]

1. c4 Nf6 2. g3 c5 3. Bg2 Nc6 4. Nc3 g6 5. Nf3 Bg7 6. d4 d6 7. O-O O-O 8. d5
Nb8 9. h3 Nbd7 10. e4 a6 11. a4 Ne5 12. Nxe5 dxe5 13. f4 Ne8 14. Qe2 Qd6 15. f5
Bd7 16. g4 Rb8 17. Be3 Nc7 18. Qf2 b6 19. a5 Na8 20. axb6 Qxb6 21. Bxc5 Qxb2
22. Qxb2 Rxb2 23. Bxe7 Rc8 24. c5 Bh6 25. g5 Rc2 26. Rac1 Rxc1 27. Rxc1 Bf8 28.
Bxf8 Kxf8 29. c6 Bxc6 30. dxc6 Rxc6 31. Na2 Rxc1+ 32. Nxc1 f6 33. fxg6 hxg6 34.
gxf6 Kf7 35. Nb3 Kxf6 36. Kf2 Nc7 37. Bf1 Kg5 38. Kg3 Kf6 39. Bc4 Kg5 40. h4+
Kh6 41. Nc5 g5 42. hxg5+ Kg6 43. Kg4 a5 44. Nd7 a4 45. Nxe5+ Kg7 46. Nc6 a3 47.
e5 Nb5 48. e6 Nc7 49. e7 Ne8 50. Ba2 Kh8 51. Ne5 Kg7 52. Nd7 1-0

[Event "SV Königsspringer Hamm 1 - SC Hansa Dor"]
[Site "Regionalliga 2017/2018"]
[Date "2018.03.04"]
[Round "7.5"]
[White "Zelt, Jens"]
[Black "Kauder, Hartmut"]
[Result "1/2-1/2"]
[WhiteElo "2041"]
[BlackElo "2127"]
[PlyCount "79"]
[EventDate "2018.??.??"]

1. d4 f5 2. g3 Nf6 3. Bg2 g6 4. Nf3 Bg7 5. O-O O-O 6. c4 d6 7. Nc3 c6 8. Qc2
Qc7 9. e4 e5 10. dxe5 dxe5 11. exf5 Bxf5 12. Qe2 Re8 13. Nh4 Bg4 14. f3 Be6 15.
Ne4 Na6 16. Be3 Rad8 17. Rfd1 Nxe4 18. fxe4 c5 19. Bg5 Rd4 20. b3 Nb4 21. Be3
Rxd1+ 22. Rxd1 b6 23. Nf3 Rd8 24. Rxd8+ Qxd8 25. Ne1 Qd7 26. Bf3 a5 27. Qb2 h6
28. Qe2 Kh7 29. a4 Nc6 30. Qd2 Qxd2 31. Bxd2 Nd4 32. Bd1 h5 33. Be3 Bg4 34.
Bxg4 hxg4 35. Bxd4 exd4 36. Nd3 Kh6 37. Kg2 g5 38. Kf2 Kg6 39. Ke2 Bf6 40. Kf2
1/2-1/2

[Event "SV Königsspringer Hamm 1 - SC Hansa Dor"]
[Site "Regionalliga 2017/2018"]
[Date "2018.03.04"]
[Round "7.6"]
[White "Schmidt, Ingo"]
[Black "Kloster, Josef"]
[Result "0-1"]
[WhiteElo "1969"]
[BlackElo "2029"]
[PlyCount "90"]
[EventDate "2018.??.??"]

1. e4 c5 2. Nf3 d6 3. d4 cxd4 4. Nxd4 Nf6 5. Nc3 e5 6. Nb3 a6 7. Be2 Be7 8. Be3
b5 9. Nd5 Nbd7 10. c4 Nxd5 11. Qxd5 Rb8 12. cxb5 Bb7 13. Qd2 Bxe4 14. f3 Ba8
15. bxa6 d5 16. O-O O-O 17. f4 d4 18. Bf2 f6 19. Bg3 Qb6 20. Bc4+ Kh8 21. Kh1
Nc5 22. fxe5 Ne4 23. Qd3 Nxg3+ 24. Qxg3 fxe5 25. Rxf8+ Rxf8 26. Rf1 Qd6 27.
Rxf8+ Bxf8 28. Qf2 Qf6 29. Kg1 e4 30. Kf1 d3 31. Qxf6 gxf6 32. g3 Kg7 33. Nd4
Kg6 34. Be6 Bc5 35. Bf5+ Kf7 36. Nb3 Bb6 37. Bxh7 Ke6 38. a4 Ke5 39. Nd2 Bd5
40. b4 f5 41. g4 e3 42. Ke1 Bd4 43. Bxf5 Bc3 44. Bxd3 exd2+ 45. Kd1 Kd4 0-1

[Event "SV Königsspringer Hamm 1 - SC Hansa Dor"]
[Site "Regionalliga 2017/2018"]
[Date "2018.03.04"]
[Round "7.7"]
[White "Dawid, Adalbert"]
[Black "Klaus, Michael"]
[Result "1/2-1/2"]
[WhiteElo "1848"]
[BlackElo "1835"]
[PlyCount "32"]
[EventDate "2018.??.??"]

1. d4 d5 2. c4 e6 3. Nc3 Nf6 4. cxd5 exd5 5. Bg5 Be7 6. e3 c6 7. Bd3 h6 8. Bh4
O-O 9. Nge2 Re8 10. O-O Nbd7 11. Rb1 Nh5 12. Bxe7 Qxe7 13. Na4 Nhf6 14. Qc2 Nb6
15. Nc5 Nbd7 16. Rfc1 Nxc5 1/2-1/2

[Event "SV Königsspringer Hamm 1 - SC Hansa Dor"]
[Site "Regionalliga 2017/2018"]
[Date "2018.03.04"]
[Round "7.8"]
[White "Sporkert, Corina"]
[Black "Lin, Yi"]
[Result "1/2-1/2"]
[WhiteElo "1857"]
[BlackElo "1740"]
[Annotator "Daniel"]
[PlyCount "139"]
[EventDate "2018.??.??"]

1. e4 c5 2. Nf3 e6 3. d4 cxd4 4. Nxd4 a6 5. Bc4 Qc7 6. Bb3 Nf6 7. Qd3 Be7 8.
O-O O-O 9. Nf3 d6 10. Bf4 Nbd7 11. Nbd2 Nc5 12. Qe2 Nxb3 13. Nxb3 e5 14. Bg5
Be6 15. Rfd1 Bc4 16. Qe1 h6 17. Bxf6 Bxf6 18. Qb4 Be7 19. Qd2 Rac8 20. Qe3 Be6
21. c3 b5 22. Nc1 f5 23. Nd3 f4 24. Qe2 a5 25. b3 g5 26. h3 Rf7 27. Nh2 f3 28.
Nxf3 Rcf8 29. Nde1 h5 30. Nh2 Rxf2 31. Qe3 R2f7 32. Nef3 Rg7 33. g4 d5 34. Kg2
Bc5 35. Qe2 d4 36. cxd4 exd4 37. Nxd4 Bxd4 38. Rxd4 h4 39. Rd3 Rgf7 40. Rf1 a4
41. Rxf7 Rxf7 42. Nf1 axb3 43. axb3 Qf4 44. Nd2 Rd7 45. Kh1 Rc7 46. Qf3 Qf7 47.
Qxf7+ Kxf7 48. Nf3 Rc5 49. b4 Rc1+ 50. Kg2 Bc4 51. Rd4 Kf6 52. e5+ Ke6 53. Rd6+
Ke7 54. Nxg5 Re1 55. Rd2 Rxe5 56. Nf3 Re3 57. Nxh4 Rb3 58. Nf5+ Kf6 $11 59.
Rd6+ Ke5 60. Rd2 Rxb4 61. Kg3 Rb3+ 62. Kh4 Bf1 63. Ng3 Bc4 64. Rf2 b4 65. g5
Ra3 66. Rc2 Bd3 67. Rc6 Ra5 68. g6 Rb5 69. g7 Rb8 70. Rb6 1/2-1/2

[Event "SV Horst-Emscher 1 - Weiße Dame Borbeck"]
[Site "Regionalliga 2017/2018"]
[Date "2018.03.04"]
[Round "7"]
[White "Loyen, Egbert"]
[Black "Aulich, Marcell"]
[Result "1/2-1/2"]
[WhiteElo "2176"]
[BlackElo "2153"]
[PlyCount "81"]
[EventDate "2018.??.??"]

1. Nf3 Nf6 2. g3 g6 3. b3 Bg7 4. Bb2 d5 5. Bg2 c5 6. O-O Nc6 7. Ne5 O-O 8. c4
Qd6 9. Nxc6 bxc6 10. d3 e5 11. Nc3 Rb8 12. Na4 Be6 13. Ba3 Nd7 14. Rc1 d4 15.
Qd2 Rfc8 16. Qa5 Bf8 17. Rcd1 h5 18. e3 Bg4 19. Rde1 dxe3 20. fxe3 Be7 21. Qd2
Bg5 22. Qf2 Bf5 23. e4 Be6 24. Nxc5 Nxc5 25. Bxc5 Qxd3 26. Rd1 Qc3 27. h4 Bh6
28. Kh2 Rb7 29. Bh3 Bxh3 30. Kxh3 a5 31. Qf6 Bg7 32. Qf3 Qxf3 33. Rxf3 Bf8 34.
Bxf8 Kxf8 35. Rd6 Ke7 36. Rdf6 Ke8 37. g4 hxg4+ 38. Kxg4 Rcc7 39. Kg5 a4 40.
Rd6 Ke7 41. Rdf6 1/2-1/2

[Event "SV Horst-Emscher 1 - Weiße Dame Borbeck"]
[Site "Regionalliga 2017/2018"]
[Date "2018.03.04"]
[Round "7"]
[White "Baerwolf, Steven"]
[Black "Hillenbrand, Michael"]
[Result "1-0"]
[WhiteElo "2175"]
[BlackElo "2107"]
[PlyCount "69"]
[EventDate "2018.??.??"]

1. e4 g6 2. d4 Bg7 3. c4 d6 4. Nc3 c6 5. Nf3 Bg4 6. Be2 Bxf3 7. Bxf3 Qb6 8. d5
Nf6 9. O-O O-O 10. Qc2 Rc8 11. Be3 Qd8 12. Be2 Nbd7 13. f4 cxd5 14. cxd5 Nb6
15. Qb3 Rxc3 16. bxc3 Nxe4 17. Rac1 Rc8 18. c4 Nc5 19. Qd1 Nba4 20. Bd4 Qf8 21.
f5 Bxd4+ 22. Qxd4 Qg7 23. Qe3 Re8 24. Bg4 Nb2 25. Rc3 Qe5 26. Qf3 Rf8 27. Kh1
Qd4 28. Qe3 Qxe3 29. Rxe3 gxf5 30. Bxf5 e6 31. dxe6 fxe6 32. Bxh7+ Kxh7 33.
Rxf8 Nxc4 34. Rh3+ Kg7 35. Rf4 1-0

[Event "SV Horst-Emscher 1 - Weiße Dame Borbeck"]
[Site "Regionalliga 2017/2018"]
[Date "2018.03.04"]
[Round "7"]
[White "Klasmeier, Jens"]
[Black "Kröger, Fabian"]
[Result "0-1"]
[WhiteElo "2095"]
[BlackElo "2222"]
[PlyCount "58"]
[EventDate "2018.??.??"]

1. e4 c5 2. Nf3 g6 3. h4 Bg7 4. h5 d6 5. c3 Nc6 6. d4 cxd4 7. cxd4 Qb6 8. Nc3
Nxd4 9. Nxd4 Bxd4 10. Bb5+ Kf8 11. Qf3 Be6 12. Bd3 Rc8 13. O-O Nf6 14. h6 Rg8
15. Bg5 Qc5 16. Nd5 Nxd5 17. Rac1 Nc3 18. Qg3 Be5 19. Qh4 Qd4 20. Bxe7+ Ke8 21.
Rxc3 Rxc3 22. Bb5+ Rc6 23. Bd8 g5 24. Bxg5 Qxb2 25. Bxc6+ bxc6 26. Rd1 Kd7 27.
Kh1 f6 28. Be3 Rg4 29. Qh5 Qc2 0-1